Así pasó el diablo : novela /

Bibliographic Details
Main Author: Prieto, Jenaro, 1889-1946 (Author)
Format: Electronic eBook
Language:Spanish
Published: Santiago, Chile : Ediciones UC, [2016]
Series:Colección Arte y cultura (Santiago, Chile)
Subjects:
Online Access:Digitalia Hispánica

MARC

LEADER 00000nam a2200000Ii 4500
001 DIGUCCH0274
003 NyNyDIG
006 m o d
007 cr |||||||||||
008 250801s2016 cl a o 000 f spa d
035 |a (OCoLC)992737094 
040 |a DGITA  |b eng  |e rda  |e pn  |c DGITA 
020 |a 9789561420878  |q edición digital 
020 |z 9789561420229  |q edición impresa 
050 1 4 |a PQ8097.P77 ebook 
100 1 |a Prieto, Jenaro,  |d 1889-1946,  |e author. 
245 1 0 |a Así pasó el diablo :  |b novela /  |c Jenaro Prieto. 
264 1 |a Santiago, Chile :  |b Ediciones UC,  |c [2016] 
300 |a 1 online resource :  |b illustrations. 
336 |a text  |b txt  |2 rdacontent 
337 |a computer  |b c  |2 rdamedia 
338 |a online resource  |b cr  |2 rdacarrier 
347 |a text file  |2 rdaft 
347 |b EPUB 
490 1 |a Colección Arte y cultura 
588 0 |a Online resource; title from ePub title page (Digitalia, viewed August 1, 2025) 
655 7 |a Fiction.  |2 lcgft 
776 0 8 |i Print version:  |a Prieto, Jenaro, 1889-1946.  |t Así pasó el diablo.  |d Santiago, Chile : Ediciones UC, [2016]  |z 9789561420229 
791 2 |a Digitalia (Firm),  |e distributor. 
793 0 |g Digitalia eBook Collection:  |a Universidad Católica de Chile 
830 0 |a Colección Arte y cultura (Santiago, Chile) 
856 4 0 |3 Digitalia Hispánica  |u https://www.digitaliapublishing.com/a/175573/ 
910 |a Premium collection: 2025